| 000 | 00430 a2200145 4500 | ||
|---|---|---|---|
| 999 |
_c5901 _d5901 |
||
| 020 | _a0435631055 | ||
| 050 | _aQD5BUR 1994 | ||
| 100 |
_aBurton George _eauthor |
||
| 245 |
_aSalters Advance Chemistry : _bchemical ideas _cGeorge Burton,John Holman, Gwen Pilling and David Waddington |
||
| 264 |
_aOxford _bHeinemann _c1994 |
||
| 300 |
_a298p.: _bill. |
||
| 500 | _aIncludes index | ||
| 650 | _aChemistry | ||
| 942 |
_2lcc _cBK _h5 _iBUR _kQD |
||